| 000 | 00703nam a2200241Ia 4500 | ||
|---|---|---|---|
| 003 | OSt | ||
| 005 | 20220925232700.0 | ||
| 006 | a|||||r|||| 00| 0 | ||
| 007 | ta | ||
| 008 | 220923b |||||||| |||| 00| 0 eng d | ||
| 037 | _cGeneral Book | ||
| 040 |
_aRTL _cRTL _beng |
||
| 041 |
_2eng _aeng |
||
| 082 | _aU435.213.2M.N7, L5 | ||
| 100 |
_aMahadev P D _9297561 |
||
| 245 | 0 | _aPeople, space and economy of an Indian city | |
| 260 |
_aMysore _bInstitute of Development Studies India _c1975 |
||
| 300 |
_axv, 193p. _ccm. |
||
| 500 | _aBibliography p.179-86 | ||
| 650 | _aUrban Geography | ||
| 942 |
_hU435.213.2M.N7, L5 _cGB _2CC |
||
| 999 |
_c591915 _d591915 |
||